[Event "1700-2000"]
[Site "SchemingMind.com"]
[Date "2009.05.24"]
[Round "-"]
[White "emvarela"]
[Black "Milan"]
[Result "1-0"]
[WhiteCountry "ARG"]
[BlackCountry "CZE"]
[WhiteElo "1790"]
[WhiteRD "80"]
[BlackElo "1869"]
[BlackRD "75"]
[GameID "205929"]

1. d4 d5 2. c4 c6 3. cxd5 cxd5 4. Nc3 Nc6 5. Nf3 Bg4 6. e3 e6 7. a3 Nf6 8. h3 Bxf3 9. Qxf3 Be7 10. Bb5 a6
11. Bxc6+ bxc6 12. O-O c5 13. dxc5 Bxc5 14. b4 Be7 15. Bb2 O-O 16. Rfd1 Qb6 17. Na4 Qb5 18. Nc3 Qd7 19. e4 Qc6 20. exd5 Nxd5
21. Nxd5 exd5 22. Rxd5 Qc2 23. Qc3 Qxc3 24. Bxc3 Rfc8 25. Bd4 Rc4 26. Bc5 Bxc5 27. Rxc5 Rxc5 28. bxc5 Rc8 29. Rc1 Kf8 30. f4 Ke7
31. Kf2 Ke6 32. Ke3 Kd5 33. Rd1+ Kc6 34. Rd6+ Kxc5 35. Rxa6 Re8+ 36. Kf3 Re7 37. a4 Rb7 38. Ra8 Rb3+ 39. Kg4 Rb7 40. Rh8 g6
41. f5 f6 42. Rc8+ Kd5 43. fxg6 hxg6 44. Ra8 Rb4+= 45. Kf3 Rb3+ 46. Kf2 Rb2+ 47. Kg1 Ke5 48. a5 Rb1+ 49. Kh2 Ra1 50. a6 Kf4
51. a7 g5 52. Rf8 Rxa7 53. Rxf6+ Ke5 54. Rf3 Ra4 55. g4 Ke4 56. Kg3 Ra1 57. Rb3 Rg1+ 58. Kf2 Ra1 59. Re3+ Kf4 60. Re2 Ra3
61. Kg2 Rg3+ 62. Kh2 Ra3 63. Rf2+ Ke4 64. Kg2 Rb3 65. Re2+ Kf4 66. Rc2 Ra3 67. Rc4+ Ke5 68. Rc5+ Kf4 69. Rf5+
1-0